| 000 | 00553nam a2200205 a 4500 | ||
|---|---|---|---|
| 001 | BRCA_7603 | ||
| 005 | 20190320205916.0 | ||
| 008 | 220613s1954----fr-a######---#000-0#fre-# | ||
| 041 | _afre | ||
| 044 | _afr | ||
| 050 | 4 |
_aNK2809 _b.B47 1954 |
|
| 100 | 1 |
_aBerthéol, Jean _918747 |
|
| 245 | 1 | 0 |
_aGuide pratique du Tapis Persan _cJean Berthéol. |
| 260 |
_aParís _bJ. Berthéol _cc1954 |
||
| 300 |
_a47 p. _bil. a color, 2 láminas _c20 cm. |
||
| 500 | _aS128 | ||
| 650 | 1 | 4 |
_aTapetes persas _vGuías y manuales _918748 |
| 902 | _aGFM | ||
| 942 |
_2lcc _cB |
||
| 999 |
_c7277 _d7277 |
||